000 00333nam a2200145Ia 4500
008 100122s9999 xx 000 0 und d
082 _b69205
_a823
100 _aCOBEN HARLAN
245 _aTHE INNOCENT
260 _bORION PAPERBACKS
_c2005
300 _a439
630 _aTHE INNOCENT
730 _aTHE INNOCENT
942 _cBOOK
999 _c381603
_d381600